| 000 | 00652 a2200265 4500 | ||
|---|---|---|---|
| 260 | _aAbidjan | ||
| 630 | _a657 - Comptabilité | ||
| 037 | _b1, Achat | ||
| 650 | _a6 - SCIENCES APPLIQUEES | ||
| 100 | _aEdi, René | ||
| 700 | _aCorre, Jean | ||
| 260 | _bEditions EDI | ||
| 245 | _aPrécis de comptabilité SYSCOA : réglementations juridique, comptable et fiscale | ||
| 300 | _a622 p. | ||
| 650 | _aPlan comptable SYSCOA | ||
| 650 | _aPlan comptable SYSCOA : commentaire | ||
| 260 | _c1998 | ||
| 300 | _b24cm | ||
| 100 | _lFr | ||
| 037 | _aDE 9668 | ||
| 250 | _a4e éd. | ||
| 020 | _a2-86-394132-1 | ||
| 999 |
_c43273 _d43273 |
||